Responses for Show #418 - Wednesday, April 16, 1986

Guy Tonti game 3.
Missing introductions.

Contestants

[<< previous game]

Sally Kurtzman, a writer and English teacher from Denver, Colorado

Kirk Sanduski, an administrator from Sherman Oaks, California

Guy Tonti, a telecommunications manager from San Francisco, California (whose 2-day cash winnings total $19,600)

[next game >>]

Jeopardy! Round responses

LITERATURE
COLORS
THEMES & TRADEMARKS
SOUTH OF THE EQUATOR
"SAM"s
POINT IT OUT
(Alex: When you give a response you will have to point it out.)
    $100 2
working

Guy
    $100 8
(Kirk: What is, uh, pink?)

white

GuyKirk
    $100 21
(Sally: What is a rose?)
...
(Alex: We've got a minute to go in the round.)

a crown

Sally
Triple Stumper
    $100 3
(Kirk: What is the Tropic of Cancer?)

Tropic of Capricorn

KirkSally
    $100 10
(Alex: The director who directed that particular film and many other great ones as well.)

Sam Peckinpah

Guy
    $100 1
[Points to his forehead]

Kirk
    $200 4
Robinson Crusoe

Kirk
    $200 22
[Laughter as Alex read the clue in an imitative manner.]

Andy Rooney

Guy
    $200 9
the Indian Ocean

Kirk
    $200 16
Sam Harris

Kirk
    $200 14
[Laughter]
(Alex: You can stop after one demonstration.)
[Louder laughter]

[Points to both of his breasts more than once]

Guy
    $300 5
a Gothic novel

Sally
    $300 23
(Alex: [*] has been on since 1963; you're soaking in it.)
[Laughter]

Madge the manicurist

Triple Stumper
    $300 11
(Kirk: What is Africa?)
...
(Alex: Yes, the Andes.)

South America

GuyKirk
    $300 17
Sam Jaffe

Guy
    $300 15
[Points to area below the thumb]

Kirk
    $400 6
(Kirk: Who was, uh, Shelley?)
(Sally: Who is Keats?)

none

KirkSally
Triple Stumper
    $400 24
(Sally: Who is Johnny Carson?)

Gallagher

GuySally
    $400 12
less

Guy
    $400 18
Sam Ervin

Kirk
    $400 20
(Guy: What is [Stretches arms to 3:00 position]?)

[Alex puts left hand up in the air and extends out at his side]

Guy
Triple Stumper
    $500 7
P.G. Wodehouse

Sally
    $500 25
[The end-of-round signal sounds.]
(Alex: We didn't get the last POINT IT OUT--what was it? Oh, it would have been easy one; you'd have loved it.)

Flipper

Triple Stumper
    $500 13
(Guy: What is the Olduvai Gorge?)

the veldt

Guy
Triple Stumper
    $500 19
Sam Shepard

Sally

Scores at the first commercial break (after clue 10):

Guy Kirk Sally
$300 -$100 $500

Scores at the end of the Jeopardy! Round:

Guy Kirk Sally
$1,200 $500 $500

Double Jeopardy! Round responses

BLACK AMERICA
FOOD
PHYSICS
VAMPIRES
FRENCH REVOLUTION
X, Y, & Z
    $200 6
Pearl Bailey

Kirk
    $200 21
a canapé

Triple Stumper
    $200 11
gravity

Guy
    $200 26
George Hamilton

Sally
    $200 1
[Kirk selected the first clue.]

the Bastille

Kirk
    $200 16
Yosemite

Guy
    $400 7
Ebony

Kirk
    $400 22
sukiyaki

Triple Stumper
    $400 12
(Sally: What is, uh, mercury?)
...
(Alex: We determine the points by the boiling and freezing points of [*].)

water

Sally
Triple Stumper
    $400 27
(Kirk: Who is Bela Lugosi?)

Christopher Lee

Kirk
Triple Stumper
    $400 2
King Louis XVI & Marie Antoinette

Kirk
    $400 17
the zenith

Sally
    $600 8
James Baldwin

Kirk
    $500 23
(Sally: Uh, Ger, what are German potatoes?)
...
(Alex: We've got a minute to go.)

French toast

Sally
    $600 13
an inclined plane

Guy
    $600 28
(Kirk: What is The Vampire Lovers?)
...
[The end-of-round signal sounds.]

The Fearless Vampire Killers

Kirk
Triple Stumper
    $600 3
(Jean-Paul) Marat

Kirk
    $600 18
"Xanadu"

Guy
    $800 9
(Kirk: Who is Sojourner Truth?)

Harriet Tubman

Kirk
Triple Stumper
    $800 24
(Kirk: What is Coca-Cola?)

milk

Kirk
Triple Stumper
    $800 14
(Alex: For every action there is an equal and opposite reaction.)

the third law

Guy
    $800 4
(Kirk: What was the Terror?)
(Alex: Be more specific.)

the Reign of Terror

Kirk
    $1,400 19
(Guy: No. Zuble. What is a zuble?)
...
(Alex: [*], the currency of Poland and [**], the currency of that country.)

the zloty or the zaire

Guy
    $1000 10
(Kirk: Who is Paul Robeson?)

Harry Belafonte

GuyKirk
    $1000 25
filet mignon

Triple Stumper
    $1000 15
entropy

Triple Stumper
    $1000 5
(Alex: You ran the category...)
[Applause]

the Jacobins

Kirk
    $1000 20
a xylem

Sally

Scores at the end of the Double Jeopardy! Round:

Guy Kirk Sally
$3,200 $1,100 $1,200
(lock game)

[wagering suggestions for these scores]

Final Jeopardy! Round responses

THE NOBEL PRIZE
KirkWhat is the Peace Prize
$1,100
SallyWhat is Economics?
$1,199
GuyWhat is Economics
$800
Economics

Final scores:

Guy Kirk Sally
$4,000 $0 $2,399
3-day champion: $23,600 3rd place: Frigidaire electric range 2nd place: trip on Delta to New York & stay at the Milford Plaza

Game dynamics:

Coryat scores:

Guy Kirk Sally
$4,600 $1,100 $1,700
15 R,
3 W
(including 1 DD)
14 R,
9 W
7 R,
5 W
(including 1 DD)

Combined Coryat: $7,400

[game clues] [game scores] [suggest correction]

Game tape date: 1985-11-19
The J! Archive is created by fans, for fans. Scraping, republication, monetization, and malicious use prohibited; this site may use cookies and collect identifying information. See terms. The Jeopardy! game show and all elements thereof, including but not limited to copyright and trademark thereto, are the property of Jeopardy Productions, Inc. and are protected under law. This website is not affiliated with, sponsored by, or operated by Jeopardy Productions, Inc. Join the discussion at JBoard.tv.